Psicología social de la organización: las personas organizando

Enregistré dans:
Détails bibliographiques
Auteur principal: Munduate Jaca, Lourdes (autora)
Format: Livre
Langue:espagnol
Publié: Madrid Pirámide 1997
Collection:Colección Psicología
Sujets:
Tags: Ajouter un tag
Pas de tags, Soyez le premier à ajouter un tag!

MARC

LEADER 00000nam a2200000 a 4500
001 UCO5289
003 CL-VaPUC
008 000901e19970000SP |||||||||||||||||spa|d
082 0 4 |a 302.35  |b MUN  |2 21 
100 |a Munduate Jaca, Lourdes  |e autora  |9 590686 
245 1 0 |a Psicología social de la organización: las personas organizando 
300 |a 170 p 
942 |c BK 
945 |d 20000901 00:00:00  |a rbrito 
260 |a Madrid  |b Pirámide  |c 1997 
650 0 |a Psicología social   |9 222894 
650 0 |a Comportamiento organizacional   |9 311858 
650 0 |a Organización  |9 256369 
583 |a last modification  |c 20000901 00:00:00  |k Rodrigo Vera 
490 0 |a Colección Psicología 
999 |c 291191  |d 291189 
952 |0 0  |1 0  |4 0  |6 302_350000000000000_MUN_1997  |7 0  |8 A  |9 340963  |a BIBEDU  |b BIBEDU  |d 2019-11-20  |i 363079K  |o 302.35 MUN 1997  |p 363079K  |r 2019-11-20  |w 2019-11-20  |y BK  |k PSI